| 000 | 01332nam a2200217 4500 | ||
|---|---|---|---|
| 003 | NALT | ||
| 005 | 20260112102516.0 | ||
| 008 | 260108b th ||||| |||| 00| 0 tha d | ||
| 040 | _aNALT | ||
| 090 |
_aอศ _bส754ท 2568 |
||
| 245 | 1 | 0 |
_aที่ระลึกในงานพระราชทานเพลิงศพ พลเอก สุจินดา คราประยูร ท.จ.ว., ม.ป.ช., ม.ว.ม., ภ.ป.ร. 3 ณ เมรุวัดพระศรีมหาธาตุวรมหาวิหาร เขตบางเขน กรุงเทพมหานคร วันอาทิตย์ที่ 21 กันยายน พ.ศ. 2568 / _cจัดทำโดย ครอบครัว คราประยูร. |
| 250 | _aพิมพ์ครั้งแรก. | ||
| 260 |
_aกรุงเทพฯ : _bอมรินทร์ คอร์เปอเรชั่นส์, _c2568. |
||
| 300 |
_a270 หน้า : _bภาพประกอบ ; _c28 ซม. |
||
| 600 | 0 | 4 |
_aสุจินดา คราประยูร _xชีวประวัติ _953143 |
| 942 |
_2local _cCRE |
||
| 996 |
_ajidapa.t _bACQSTF _c2026-01-08 |
||
| 996 |
_avaree.k _bLIBSTF _c2026-01-09 |
||
| 996 |
_ajamriang.p _bCATSTF _c2026-01-12 |
||
| 999 |
_c107636 _d107636 |
||
| 998 |
_j1020 _k นางจำเรียง ระวังสำโรง |
||